Pays les plus peuplés d’Amérique du Sud - Statistiques

Statistiques générales
  • Ce quiz a été pris 74 fois
  • Le résultat moyen est 5 sur 5
Réponses sur la Carte
Les réponses sont colorées sur une échelle allant du rouge au vert en fonction du pourcentage des utilisateurs qui les ont devinées à leur premier essai. Vous pouvez retrouver ces pourcentages ci-dessous.
 
Statistiques - réponses
Classement Population Nom du pays % Correct
3 45 600 000 Argentine
100%
1 211 900 000 Brésil
100%
2 52 800 000 Colombie
96%
4 34 200 000 Pérou
93%
5 28 400 000 Venezuela
89%
Aucun quiz correspondant
Distribution des résultats
% des personnes avec chaque résultat
Percentile par nombre de réponses
Votre historique - résultats
Vous n’avez pas pris ce quiz